| 000 | 01897cam a22003854i 4500 | ||
|---|---|---|---|
| 999 |
_c10441 _d10441 |
||
| 001 | 39108524 | ||
| 003 | OCoLC | ||
| 005 | 20241126110732.0 | ||
| 008 | 980410s1998 waub j b 000 0beng | ||
| 010 | _a98007287 | ||
| 020 | _a1576580172 | ||
| 040 |
_aDLC _beng _erda _cDLC _dOCL |
||
| 043 |
_as-ec--- _an-us--- |
||
| 050 | 0 | 0 |
_aBV2853.E3 _bS33 1998 |
| 082 | 0 | 0 |
_a266.0092 _aB _bBEN |
| 100 | 1 |
_aBenge, Janet, _d1958- _0https://id.loc.gov/authorities/names/n96030310 _917368 |
|
| 245 | 1 | 0 |
_aNate Saint : _bon a wing and a prayer / _cJanet and Geoff Benge. |
| 264 | 1 |
_aSeattle, WA. : _bYWAM Pub., _c[1998] |
|
| 264 | 4 | _c℗♭1998 | |
| 300 |
_a201 pages : _b1 map ; _c21 cm. |
||
| 336 |
_atext _btxt _2rdacontent |
||
| 337 |
_aunmediated _bn _2rdamedia |
||
| 338 |
_avolume _bnc _2rdacarrier |
||
| 385 |
_nage _aChildren _2lcdgt |
||
| 490 | 1 | _aChristian heroes, then & now | |
| 504 | _aIncludes bibliographical references (p. 201). | ||
| 520 | _aA biography of the American pilot who served Christian missionaries in Ecuador's jungles until his death at the hands of Auca Indians in 1956. | ||
| 600 | 1 | 0 |
_aSaint, Nathaniel, _d1923-1956. _0https://id.loc.gov/authorities/names/n85185613 _vJuvenile literature. _0https://id.loc.gov/authorities/subjects/sh99001674 _918157 |
| 650 | 0 |
_aMissionaries _zEcuador _vBiography _0https://id.loc.gov/authorities/subjects/sh2010102112 _vJuvenile literature. _0https://id.loc.gov/authorities/subjects/sh99001674 _918158 |
|
| 650 | 0 |
_aMissionaries _zUnited States _vBiography _vJuvenile literature. _0https://id.loc.gov/authorities/subjects/sh2010102131 _918159 |
|
| 655 | 7 |
_aBiographies. _2lcgft _0https://id.loc.gov/authorities/genreForms/gf2014026049 _915724 |
|
| 700 | 1 |
_aBenge, Geoff, _d1954- _0https://id.loc.gov/authorities/names/n96030313 _917373 |
|
| 830 | 0 |
_aChristian heroes, then & now. _0https://id.loc.gov/authorities/names/n98034784 _917374 |
|
| 942 |
_2ddc _cBK |
||